000 00608nam a2200193Ia 4500
008 230921s9999||||xx |||||||||||||| ||und||
020 _a978-3-319-73820-8
022 _a2197-585X
041 _aEN
100 _aLiat Ayalon, Clemens Tesch-Römer
245 0 _aContemporary Perspectives on Ageism
250 _a1st ed. 2018
260 _c2018
_bSpringer International Publishing
300 _b19
440 _aInternational Perspectives on Aging
856 _uhttps://doi.org/10.1007/978-3-319-73820-8
856 _uhttps://link.springer.com/openurl?genre=book&isbn=978-3-319-73820-8
942 _cEB
999 _c249675
_d249675